[Event "Aeroflot Open 2012 B"]
[Site "Moscow"]
[Date "2012.02.08"]
[Round "2"]
[White "Karavade, Eesha"]
[Black "Minasian, Artashes"]
[Result "1/2-1/2"]
[WhiteElo "2354"]
[BlackElo "2525"]
[PlyCount "156"]
[EventDate "2012.02.07"]
[EventType "swiss"]
[EventRounds "9"]
[EventCountry "RUS"]

1. d4 b6 2. e4 Bb7 3. Nc3 e6 4. Bd3 Bb4 5. Nge2 d5 6. O-O dxe4 7. Bxe4 c6 8.
Ng3 Nf6 9. Bf3 Bxc3 10. bxc3 Qc7 11. a4 O-O 12. Bg5 Nbd7 13. Qd2 c5 14. Bxb7
Qxb7 15. dxc5 bxc5 16. Rfd1 Qa6 17. Qd3 Qxd3 18. cxd3 Nd5 19. Bd2 Rfb8 20. Rdb1
Ne5 21. d4 cxd4 22. cxd4 Nc6 23. Ne2 Kf8 24. g3 Ke7 25. Kg2 Rxb1 26. Rxb1 Rd8
27. Bg5+ f6 28. Bc1 Rb8 29. Rxb8 Nxb8 30. Kf3 f5 31. Ba3+ Kf7 32. h4 Nc6 33.
Bc5 a6 34. Nf4 Nc3 35. a5 Ne4 36. Bb6 Nb4 37. Ke2 g6 38. Ke3 h6 39. g4 g5 40.
hxg5 hxg5 41. gxf5 exf5 42. Ng2 Nd5+ 43. Ke2 Ke6 44. f3 Nd6 45. Bd8 Nf7 46. Bb6
f4 47. Ba7 Nd6 48. Ne1 Nc4 49. Nd3 Kf5 50. Nc5 g4 51. fxg4+ Kxg4 52. Kf2 Nb4
53. Bb8 f3 54. Bc7 Nb2 55. Ne4 Nd5 56. Bb8 Nd3+ 57. Kg1 Kf5 58. Ng3+ Ke6 59.
Ne4 Kf5 60. Ng3+ Kg5 61. Ne4+ Kh4 62. Bg3+ Kg4 63. Bb8 Ne3 64. Nf2+ Nxf2 65.
Kxf2 Nd1+ 66. Kf1 Nc3 67. Kf2 Ne4+ 68. Ke3 Nf6 69. Kf2 Nd5 70. Bd6 Nc3 71. Bb8
Nd1+ 72. Ke1 Ne3 73. Kf2 Nd5 74. Bd6 Nf6 75. Bb8 Ne4+ 76. Ke3 f2 77. Ke2 Kf5
78. d5 Nc3+ 1/2-1/2

[Event "Aeroflot Open 2012 B"]
[Site "Moscow"]
[Date "2012.02.08"]
[Round "2"]
[White "Inants, Aghasi"]
[Black "Obolenskikh, Dmitry"]
[Result "0-1"]
[WhiteElo "2347"]
[BlackElo "2510"]
[PlyCount "66"]
[EventDate "2012.02.07"]
[EventType "swiss"]
[EventRounds "9"]
[EventCountry "RUS"]

1. e4 e6 2. d4 d5 3. Nc3 Bb4 4. e5 Ne7 5. a3 Bxc3+ 6. bxc3 c5 7. a4 b6 8. Bb5+
Bd7 9. Bd3 Qc7 10. Nf3 Nbc6 11. O-O h6 12. Kh1 cxd4 13. cxd4 Nb4 14. Ba3 Qc3
15. Qb1 Nxd3 16. cxd3 Nc6 17. Bd6 Qa5 18. Qb5 Qxb5 19. axb5 Na5 20. Rab1 f5 21.
Rfc1 Kf7 22. Rc7 Rhd8 23. h4 g6 24. Kh2 $11 Ke8 25. Rbc1 Rdc8 26. Rxc8+ Rxc8
27. Rb1 Rc3 28. Ne1 Rb3 29. Rc1 Rxb5 30. Nc2 Nc6 31. Ra1 Rb2 32. Rc1 Rb3 33.
Rd1 a5 0-1

[Event "Aeroflot Open 2012 B"]
[Site "Moscow"]
[Date "2012.02.08"]
[Round "2"]
[White "Ynojosa, Felix Jose"]
[Black "Atalik, Ekaterina"]
[Result "0-1"]
[WhiteElo "2327"]
[BlackElo "2481"]
[PlyCount "162"]
[EventDate "2012.02.07"]
[EventType "swiss"]
[EventRounds "9"]
[EventCountry "RUS"]

1. e4 e5 2. Bc4 Nf6 3. d3 Nc6 4. Nc3 Na5 5. Nge2 Nxc4 6. dxc4 Be7 7. Qd3 d6 8.
O-O O-O 9. b3 a5 10. h3 Nd7 11. Be3 Bg5 12. Ng3 Bxe3 13. Qxe3 Nc5 14. f4 exf4
15. Rxf4 Qg5 16. h4 Qe5 17. Rd1 Be6 18. Nb5 Rac8 19. Nd4 Rce8 20. Rdf1 Bd7 21.
c3 g6 22. Qf3 f6 23. Qd1 h5 24. Qd2 Bg4 25. b4 axb4 26. cxb4 Ne6 27. Nxe6 Bxe6
28. Rc1 Ra8 29. Rf3 Kg7 30. a3 b6 31. Rd3 Ra7 32. Qe3 c5 33. Ne2 Rfa8 34. bxc5
dxc5 35. Nf4 Bf7 36. Rb3 Re8 37. Re1 Ra4 38. Nd3 Qd6 39. Nb2 Ra7 40. Rd3 Qc6
41. Qf4 Re6 42. Ree3 Rae7 43. Rd5 Qe8 44. Rb3 Rc6 45. Re3 Rce6 46. Rf3 Kh7 47.
Rd6 Rxd6 48. Qxd6 Re6 49. Qf4 Kg7 50. Nd3 Qe7 51. Re3 Rd6 52. Qg3 Rd4 53. e5
fxe5 54. Nxe5 Qxh4 55. Qxh4 Rxh4 56. Rb3 Re4 57. Nxf7 Kxf7 58. Rxb6 Rxc4 59.
Rc6 g5 60. Kf2 Ke7 61. Rg6 Rc2+ 62. Kg3 Rc3+ 63. Kh2 g4 64. Rg5 Kd6 65. Rxh5
g3+ 66. Kh3 Rxa3 67. Kg4 Kc6 68. Kf4 Kb5 69. Rg5 Kb4 70. Ke4 c4 71. Rg4 Rd3 72.
Rg8 Kc3 73. Rc8 Rd4+ 74. Kf3 Kd3 75. Kxg3 c3 76. Kh3 c2 77. Rxc2 Kxc2 78. g4
Kd3 79. Kh4 Ke4 80. Kh5 Kf4 81. g5 Rd5 0-1

[Event "Aeroflot Open 2012 B"]
[Site "Moscow"]
[Date "2012.02.08"]
[Round "2"]
[White "Byelopolskiy, V."]
[Black "Mohota, Nisha"]
[Result "0-1"]
[WhiteElo "2478"]
[BlackElo "2323"]
[PlyCount "56"]
[EventDate "2012.02.07"]
[EventType "swiss"]
[EventRounds "9"]
[EventCountry "RUS"]

1. e4 e5 2. Nf3 Nc6 3. c4 Nf6 4. Nc3 d6 5. h3 Nd4 6. d3 c5 7. Nxd4 cxd4 8. Ne2
b5 9. b3 Rb8 10. cxb5 d5 11. f3 dxe4 12. fxe4 Rxb5 13. Ng3 Ng8 14. h4 Be7 15.
h5 Bh4 16. Kf2 Nh6 17. Rxh4 Qxh4 18. Be2 Ng4+ 19. Bxg4 Bxg4 20. Qc2 O-O 21. Ba3
Rc8 22. Qd2 Rb6 23. Qe1 Qh2 24. Rc1 Rf6+ 25. Nf5 Bxf5 26. exf5 Rxf5+ 27. Ke2
Qxg2+ 28. Kd1 Rxc1+ 0-1

[Event "Aeroflot Open 2012 B"]
[Site "Moscow"]
[Date "2012.02.08"]
[Round "2"]
[White "Pavlov, Sergey"]
[Black "Tsydypov, Zhamsaran"]
[Result "1-0"]
[WhiteElo "2477"]
[BlackElo "2321"]
[PlyCount "67"]
[EventDate "2012.02.07"]
[EventType "swiss"]
[EventRounds "9"]
[EventCountry "RUS"]

1. Nf3 Nf6 2. c4 g6 3. Nc3 Bg7 4. e4 d6 5. d4 O-O 6. h3 e5 7. d5 Nh5 8. g3 Qe8
9. Be2 f5 10. exf5 gxf5 11. Nh4 Nf6 12. g4 f4 13. Qc2 Na6 14. a3 Kh8 15. Bd2
Qe7 16. g5 Nd7 17. Rg1 Ndc5 18. b4 f3 19. Bf1 Rf4 20. Bxf4 exf4+ 21. Kd2 Qe5
22. Bd3 Qd4 23. Rgf1 Nxd3 24. Qxd3 Bxh3 25. Qxd4 Bxd4 26. Rh1 Bg2 27. Rh2 Bxf2
28. Nxf3 Be3+ 29. Ke2 Bxf3+ 30. Kxf3 Bd4 31. Rc1 Kg7 32. Ne4 Rh8 33. Rch1 Be5
34. Rh6 1-0

[Event "Aeroflot Open 2012 B"]
[Site "Moscow"]
[Date "2012.02.08"]
[Round "2"]
[White "Yuffa, Daniil"]
[Black "Ismagambetov, Anuar"]
[Result "1/2-1/2"]
[WhiteElo "2323"]
[BlackElo "2476"]
[PlyCount "129"]
[EventDate "2012.02.07"]
[EventType "swiss"]
[EventRounds "9"]
[EventCountry "RUS"]

1. d4 Nf6 2. c4 e6 3. Nf3 c5 4. d5 exd5 5. cxd5 d6 6. Nc3 g6 7. g3 Bg7 8. Bg2
O-O 9. O-O Nbd7 10. a4 Re8 11. Nd2 a6 12. h3 Rb8 13. Nc4 Ne5 14. Na3 Nh5 15. f4
Nxg3 16. fxe5 Nxf1 17. Qxf1 Bxe5 18. Nc4 Bd4+ 19. e3 Bg7 20. a5 Bf5 21. Bd2 Be5
22. e4 Bd7 23. Nxe5 dxe5 24. Qf2 b6 25. Rf1 f5 26. exf5 Bxf5 27. Qg3 Qd7 28.
Ne4 Bxe4 29. Bxe4 Qd6 30. Bh6 bxa5 31. Qf3 Rb7 32. Qf6 Qxf6 33. Rxf6 Rb4 34.
Bf3 Rh4 35. Bg5 Rd4 36. Rd6 e4 37. Bg4 e3 38. Be6+ Rxe6 39. Rd8+ Kf7 40. Rd7+
Ke8 41. dxe6 Rxd7 42. exd7+ Kxd7 43. Bxe3 c4 44. Bd2 a4 45. Kf2 Ke6 46. Ke3 Kd5
47. Bc3 g5 48. Bf6 h6 49. Kd2 Ke6 50. Bd4 h5 51. Kc3 Kf5 52. Kxc4 h4 53. Kb4 g4
54. hxg4+ Kxg4 55. Kxa4 Kf5 56. Ka5 Ke4 57. Bg1 Kd3 58. Bh2 Kc2 59. b4 Kb3 60.
Bf4 h3 61. Bh2 Kc3 62. Bg3 Kb3 63. Bh2 Kc3 64. Bd6 Kb3 65. Bh2 1/2-1/2

[Event "Aeroflot Open 2012 B"]
[Site "Moscow"]
[Date "2012.02.08"]
[Round "2"]
[White "Petrosian, Davit G"]
[Black "Goriatchkin, Jouri"]
[Result "1/2-1/2"]
[WhiteElo "2476"]
[BlackElo "2311"]
[PlyCount "90"]
[EventDate "2012.02.07"]
[EventType "swiss"]
[EventRounds "9"]
[EventCountry "RUS"]

1. e4 e6 2. d4 d5 3. Nc3 Nf6 4. Bg5 Bb4 5. e5 h6 6. Bd2 Bxc3 7. bxc3 Ne4 8. Qg4
Kf8 9. Bd3 Nxd2 10. Kxd2 c5 11. h4 Nc6 12. Rh3 c4 13. Bf1 b5 14. a3 Bd7 15. Ne2
a5 16. Nf4 Ne7 17. Qf3 b4 18. Be2 bxc3+ 19. Qxc3 Qb6 20. Bg4 Nc6 21. Nxd5 exd5
22. Bxd7 Nxd4 23. Rb1 Qa7 24. Qe3 Ke7 25. Kc3 Ne2+ 26. Qxe2 d4+ 27. Kd2 Qxd7
28. Qxc4 Rhc8 29. Qd3 Ra7 30. Qe4 Rac7 31. Rb2 Rc4 32. Rd3 R8c7 33. h5 Qc8 34.
Ke2 Rxc2+ 35. Rxc2 Rxc2+ 36. Kf3 Rc3 37. Kf4 Rxd3 38. Qxd3 Qc1+ 39. Ke4 Qe1+
40. Kxd4 Qxf2+ 41. Kc4 Qf4+ 42. Kd5 Qg4 43. Kc5 Qxg2 44. Qd6+ Ke8 45. Qb8+ Ke7
1/2-1/2

[Event "Aeroflot Open 2012 B"]
[Site "Moscow"]
[Date "2012.02.08"]
[Round "2"]
[White "Gladyszev, Oleg"]
[Black "Soumya, Swaminathan"]
[Result "1/2-1/2"]
[WhiteElo "2458"]
[BlackElo "2280"]
[PlyCount "69"]
[EventDate "2012.02.07"]
[EventType "swiss"]
[EventRounds "9"]
[EventCountry "RUS"]

1. d4 d5 2. c4 c6 3. Nf3 Nf6 4. Nc3 e6 5. Bg5 dxc4 6. e4 b5 7. e5 h6 8. Bh4 g5
9. Nxg5 hxg5 10. Bxg5 Nbd7 11. exf6 Bb7 12. g3 c5 13. d5 Bh6 14. Bxh6 Rxh6 15.
Qd2 Qxf6 16. O-O-O Kf8 17. f3 Ne5 18. Qe3 Kg7 19. Be2 exd5 20. Nxd5 Bxd5 21.
Rxd5 Re8 22. Qxc5 Nxf3 23. Rf5 Rh5 24. Rxf6 Rxc5 25. Rxf3 Rxe2 26. Rhf1 Rxh2
27. Rxf7+ Kg6 28. R1f2 Rxf2 29. Rxf2 a5 30. Kc2 b4 31. a3 c3 32. axb4 axb4 33.
Kb3 cxb2 34. Rxb2 Rc3+ 35. Kxb4 1/2-1/2

[Event "Aeroflot Open 2012 B"]
[Site "Moscow"]
[Date "2012.02.08"]
[Round "2"]
[White "Cori T., Deysi"]
[Black "Hernandez, Alexander"]
[Result "1/2-1/2"]
[WhiteElo "2415"]
[BlackElo "2270"]
[PlyCount "111"]
[EventDate "2012.02.07"]
[EventType "swiss"]
[EventRounds "9"]
[EventCountry "RUS"]

1. d4 d5 2. Nf3 e6 3. c4 c6 4. Qc2 f5 5. Nc3 Bd6 6. Bg5 Ne7 7. e3 O-O 8. Bd3 h6
9. Bh4 a6 10. c5 Bc7 11. O-O-O Nd7 12. Rhg1 Nf6 13. Qe2 Ng6 14. Bg3 Bxg3 15.
hxg3 e5 16. Nxe5 Nxe5 17. dxe5 Nd7 18. g4 Nxe5 19. Bxf5 Bxf5 20. gxf5 Rxf5 21.
Kb1 Qh4 22. f4 Nc4 23. g3 Qe7 24. e4 Rf7 25. exd5 Qxe2 26. Nxe2 Ne3 27. Rde1
Nxd5 28. Nd4 Rd8 29. Nf3 Re7 30. Ne5 Nf6 $11 31. g4 Rd5 32. g5 hxg5 33. Rxg5
Nd7 34. b4 Rd4 35. a3 Rxf4 36. Kc2 Nxe5 37. Rgxe5 Rxe5 38. Rxe5 Kf7 39. Kb3
Rf3+ 40. Ka4 Rd3 41. Ka5 Rd7 42. Kb6 Kf6 43. Re8 g5 44. a4 g4 45. Rg8 Rg7 46.
Rxg7 Kxg7 47. Kxb7 g3 48. b5 axb5 49. axb5 g2 50. bxc6 g1=Q 51. c7 Qb1+ 52. Ka7
Qa2+ 53. Kb7 Qb3+ 54. Ka7 Qa4+ 55. Kb7 Qb4+ 56. Ka7 1/2-1/2

[Event "Aeroflot Open 2012 B"]
[Site "Moscow"]
[Date "2012.02.08"]
[Round "2"]
[White "Pasiev, Rakhim"]
[Black "Garcia, Jan Emmanuel"]
[Result "1/2-1/2"]
[WhiteElo "2312"]
[BlackElo "2409"]
[PlyCount "127"]
[EventDate "2012.02.07"]
[EventType "swiss"]
[EventRounds "9"]
[EventCountry "RUS"]

1. e4 d6 2. d4 Nf6 3. Nc3 g6 4. Bg5 Bg7 5. Qd2 h6 6. Bh4 g5 7. Bg3 Nh5 8. O-O-O
Nc6 9. Bb5 Bd7 10. Nge2 e6 11. d5 Ne5 12. dxe6 fxe6 13. Nd4 Qe7 14. Qe2 Nf4 15.
Bxf4 gxf4 16. Qh5+ Kd8 17. Bxd7 Kxd7 18. Na4 b6 19. Qe2 c6 20. g3 Raf8 21. Rhg1
f3 22. Qa6 Ke8 23. Rge1 Kf7 24. Re3 Kg6 25. h3 Kh7 26. b3 Rf7 27. Nb2 c5 28.
Nb5 Rd8 29. Nd3 Nc6 30. Qa4 Nd4 31. e5 dxe5 32. c3 Nxb5 33. Qxb5 Qg5 34. Qc4
Rfd7 35. Qe4+ Qf5 36. Kc2 h5 37. g4 hxg4 38. hxg4 Qxe4 39. Rxe4 Kh6 40. Rh1+
Kg6 41. Rd1 Kg5 42. Rd2 Rd5 43. Rd1 Kf6 44. Re3 Kg5 45. Re4 Bf6 46. Rd2 Kh6 47.
Rd1 Kg7 48. Re3 b5 49. Re4 Kg6 50. Ree1 Kg5 51. Re4 a6 52. Rd2 Kh6 53. Rd1 Kg6
54. Ree1 c4 55. bxc4 bxc4 56. Nb2 Rxd1 57. Nxd1 Bg5 58. Ne3 Bf4 59. Nxc4 Rd5
60. Ne3 Ra5 61. Kb3 Rb5+ 62. Kc2 Rc5 63. Kb3 Rb5+ 64. Kc2 1/2-1/2

[Event "Aeroflot Open 2012 B"]
[Site "Moscow"]
[Date "2012.02.08"]
[Round "2"]
[White "Byambaa, Zulzaga"]
[Black "Romanko, Marina"]
[Result "1/2-1/2"]
[WhiteElo "2279"]
[BlackElo "2389"]
[PlyCount "151"]
[EventDate "2012.02.07"]
[EventType "swiss"]
[EventRounds "9"]
[EventCountry "RUS"]

1. e4 c6 2. d4 d5 3. e5 Bf5 4. h4 Qc7 5. Nc3 a6 6. g4 Bd7 7. h5 e6 8. Bf4 c5 9.
Nge2 cxd4 10. Nxd4 Bb4 11. Rh3 Ne7 12. a3 Bc5 13. Qd2 Nbc6 14. Nxc6 Bxc6 15.
Bg2 b5 16. Kf1 h6 17. Re1 Qa7 18. Kg1 a5 19. Na2 d4 20. Bxc6+ Nxc6 21. Nc1 Rd8
22. Nd3 Rg8 23. Rg3 Be7 24. Qe2 Qd7 25. Bd2 a4 26. g5 hxg5 27. Bxg5 Qd5 28. Bf6
Bxf6 29. exf6 Qf5 30. fxg7 Rd5 31. h6 Qh7 32. Qe4 Qxe4 33. Rxe4 Rh5 34. Ne5 f5
35. Re1 Ne7 36. Nf3 Rxh6 37. Nxd4 Kf7 38. Nxb5 Rb8 39. Nd6+ Kg8 40. Nc4 Nd5 41.
Rd1 Rh4 42. b3 axb3 43. cxb3 f4 44. Rgd3 Kxg7 45. Kf1 Kf6 46. Ke2 Rh2 47. Nd2
Rc8 48. Nf3 Rh7 49. Kd2 Ra7 50. a4 Nb4 51. Rd4 Rc2+ 52. Ke1 Nd5 53. R4d2 Rc3
54. Rd3 Rc5 55. Nd4 Nc3 56. Rxc3 Rxc3 57. Nb5 Rcc7 58. Nxa7 Rxa7 59. Kd2 Kf5
60. f3 Rh7 61. a5 e5 62. Re1 Rh2+ 63. Re2 Rh1 64. Kc3 Rf1 65. Kc4 Rxf3 66. a6
Rh3 67. a7 Rh8 68. b4 Ra8 69. Ra2 Ke4 70. Kc5 f3 71. b5 f2 72. Rxf2 Rxa7 73. b6
Ra8 74. Rb2 Rc8+ 75. Kb5 Kd3 76. Rh2 1/2-1/2

[Event "Aeroflot Open 2012 B"]
[Site "Moscow"]
[Date "2012.02.08"]
[Round "2"]
[White "Papp, Petra"]
[Black "Swayams, Mishra"]
[Result "1/2-1/2"]
[WhiteElo "2269"]
[BlackElo "2386"]
[PlyCount "94"]
[EventDate "2012.02.07"]
[EventType "swiss"]
[EventRounds "9"]
[EventCountry "RUS"]

1. e4 e5 2. Nf3 Nc6 3. Bb5 a6 4. Ba4 Nf6 5. O-O b5 6. Bb3 Be7 7. Re1 d6 8. c3
O-O 9. h3 a5 10. d4 a4 11. Bc2 Bd7 12. Nbd2 Re8 13. Nf1 Bf8 14. Ng3 g6 15. Bd3
Qb8 16. Bg5 Bg7 17. Qe2 exd4 18. cxd4 Nb4 19. Bb1 c5 20. Qd2 a3 21. bxa3 Rxa3
22. Bxf6 Bxf6 23. e5 Bg7 24. dxc5 Nc6 25. Be4 Nxe5 26. Nxe5 Bxe5 27. Rac1 Be6
28. Bd5 dxc5 29. Bxe6 Rxe6 30. Rxc5 Bxg3 31. Rxe6 fxe6 32. fxg3 Qa7 33. Qd8+
$11 Kf7 34. Qc7+ Qxc7 35. Rxc7+ Kf6 36. Rc5 Rxa2 37. Rxb5 h5 38. g4 hxg4 39.
hxg4 e5 40. Kh2 Ra8 41. Rb4 Rd8 42. Rb2 e4 43. Rb5 Rd1 44. Kg3 Rf1 45. g5+ Ke6
46. Rb6+ Kd5 47. Rf6 Rxf6 1/2-1/2

[Event "Aeroflot Open 2012 B"]
[Site "Moscow"]
[Date "2012.02.08"]
[Round "2"]
[White "Blanco, Cristobal J"]
[Black "Gagare, Shardul"]
[Result "1/2-1/2"]
[WhiteElo "2385"]
[BlackElo "2268"]
[PlyCount "95"]
[EventDate "2012.02.07"]
[EventType "swiss"]
[EventRounds "9"]
[EventCountry "RUS"]

1. e4 c6 2. d4 d5 3. e5 Bf5 4. Nf3 e6 5. Be2 c5 6. Be3 cxd4 7. Nxd4 Ne7 8. Na3
a6 9. c4 Nbc6 10. Qa4 Qa5+ 11. Qxa5 Nxa5 12. cxd5 Nxd5 13. Bd2 Bxa3 14. bxa3
Nc6 15. Nxf5 exf5 16. Bc4 Nb6 17. Bd3 g6 18. O-O-O O-O-O 19. Bg5 Rd7 20. f4 Nd4
21. Bc2 Ne2+ 22. Kb2 Nc4+ 23. Ka1 Nd4 24. Ba4 b5 25. Rc1 Rc7 26. Bb3 Nxb3+ 27.
axb3 Nd2 28. Rxc7+ Kxc7 29. Rc1+ Kb7 30. Kb2 Ne4 31. Bh4 h6 32. Rd1 Kc7 33. Be1
Rc8 34. h3 h5 35. Rd4 Re8 36. a4 f6 37. axb5 axb5 38. exf6 Nxf6 39. Bh4 Re2+
40. Ka3 Ne4 41. Kb4 Kc6 42. g3 Nc5 43. Rd8 Re4+ 44. Kc3 Re3+ 45. Kd4 Re4+ 46.
Kc3 Re3+ 47. Kd4 Re4+ 48. Kc3 1/2-1/2

[Event "Aeroflot Open 2012 B"]
[Site "Moscow"]
[Date "2012.02.08"]
[Round "2"]
[White "Padmini, Rout"]
[Black "Chubar, Vladimir"]
[Result "1/2-1/2"]
[WhiteElo "2383"]
[BlackElo "2078"]
[PlyCount "98"]
[EventDate "2012.02.07"]
[EventType "swiss"]
[EventRounds "9"]
[EventCountry "RUS"]

1. e4 e6 2. d4 d5 3. Nc3 dxe4 4. Nxe4 Nd7 5. Nf3 Ngf6 6. Bg5 Be7 7. Nxf6+ Bxf6
8. h4 b6 9. Bb5 O-O 10. Bc6 Rb8 11. Qe2 Bb7 12. Bxb7 Rxb7 13. Qe4 Qc8 14. O-O-O
b5 15. g4 Rb6 16. Bf4 Qa6 17. Kb1 Qa4 18. Qe3 Rc6 19. Qb3 Nc5 20. Qxa4 Nxa4 21.
g5 Be7 22. d5 Rc5 23. Rhe1 Nb6 24. d6 cxd6 25. Bxd6 Bxd6 26. Rxd6 b4 27. Ne5
Rfc8 28. Red1 Nd5 29. Rd2 g6 30. Nd7 R5c6 31. Rxc6 Rxc6 32. Nf6+ Kg7 33. Nxd5
Rd6 34. c4 bxc3 35. bxc3 exd5 36. Kc2 Kf8 37. Kd3 Ke7 38. Re2+ Kd7 39. f4 Ra6
40. f5 gxf5 41. Re5 f4 42. Rxd5+ Ke6 43. Ke4 f3 44. Re5+ Kd6 45. Rf5 Rxa2 46.
Kxf3 Ke7 47. Re5+ Kf8 48. c4 a5 49. Kg4 Rc2 1/2-1/2

[Event "Aeroflot Open 2012 B"]
[Site "Moscow"]
[Date "2012.02.08"]
[Round "2"]
[White "Korchmar, Vasiliy"]
[Black "Belyakov, Bogdan"]
[Result "1/2-1/2"]
[WhiteElo "2263"]
[BlackElo "2375"]
[PlyCount "66"]
[EventDate "2012.02.07"]
[EventType "swiss"]
[EventRounds "9"]
[EventCountry "RUS"]

1. d4 Nf6 2. c4 g6 3. Nc3 Bg7 4. e4 O-O 5. Nf3 d6 6. Be2 Bg4 7. Be3 Nfd7 8. O-O
e5 9. d5 Bxf3 10. Bxf3 f5 11. b4 a5 12. a3 Bf6 13. Qb3 Bg5 14. Bxg5 Qxg5 15. c5
axb4 16. axb4 Rxa1 17. Rxa1 Kh8 18. Nb5 fxe4 19. Be2 Qd2 20. Ra2 Qe1+ 21. Bf1
Na6 22. cxd6 cxd6 23. Nxd6 Qxb4 24. Qxb4 Nxb4 25. Rb2 Nxd5 26. Rxb7 N5f6 27.
Bc4 Kg7 28. Nxe4 Rc8 29. Nxf6 Rxc4 30. Rxd7+ Kxf6 31. g3 h5 32. h4 Rc2 33. Rd8
Ke7 1/2-1/2

[Event "Aeroflot Open 2012 B"]
[Site "Moscow"]
[Date "2012.02.09"]
[Round "3"]
[White "Mikhalevski, Victor"]
[Black "Vaibhav, Suri"]
[Result "1/2-1/2"]
[WhiteElo "2525"]
[BlackElo "2448"]
[PlyCount "174"]
[EventDate "2012.02.07"]
[EventType "swiss"]
[EventRounds "9"]
[EventCountry "RUS"]

1. c4 e6 2. Nc3 Nf6 3. e4 c5 4. e5 Ng8 5. Nf3 Nc6 6. d4 cxd4 7. Nxd4 Nxe5 8.
Ndb5 a6 9. Nd6+ Bxd6 10. Qxd6 f6 11. Be3 Ne7 12. Bb6 Nf5 13. Qb4 Nc6 14. Qc5
Qe7 15. Qxe7+ Nfxe7 16. O-O-O d5 17. Be2 Kf7 18. f4 Bd7 19. g4 Rhe8 20. Bf3
Rac8 21. Kb1 Nb8 22. cxd5 exd5 23. Rhf1 Bc6 24. Bc5 Rcd8 25. f5 d4 26. Bxd4
Bxf3 27. Rxf3 Nbc6 28. Rfd3 h5 29. h3 hxg4 30. hxg4 Rh8 31. Ne4 Rh4 32. Bc3
Rxd3 33. Rxd3 b5 34. Nf2 Rh2 35. Ne4 Rg2 36. Rg3 Rxg3 37. Nxg3 Nd5 38. Kc2 Ne3+
39. Kd3 Nxg4 40. Ke4 Ke7 41. Kd5 Kd7 42. Nh5 Ne7+ 43. Kc5 Nxf5 44. Kb6 Nge3 45.
Kxa6 Kc6 46. a4 bxa4 47. Ka5 Nd5 48. Nxg7 Nxg7 49. Bxf6 Nxf6 50. Kxa4 Nd5 51.
Ka5 Nc7 52. Kb4 Kd5 53. Kc3 Nf5 54. Kd3 Nb5 55. b4 Nfd6 56. Ke3 Ke5 57. Kf3 Kf5
58. Kg3 Ke4 59. Kg4 Nf7 60. Kg3 Ne5 61. Kf2 Kd3 62. Kg2 Ke2 63. Kg3 Ke3 64. Kh4
Kf4 65. Kh5 Kf5 66. Kh4 Kg6 67. Kh3 Kh5 68. Kg3 Kg5 69. Kf2 Kf4 70. Ke2 Nc4 71.
Kd3 Ne3 72. Kd2 Ke4 73. Ke2 Ng4 74. Kd2 Kf3 75. Kc2 Ke4 76. Kd2 Kf3 77. Kc2 Ke3
78. Kb3 Kd3 79. Ka4 Kc4 80. Ka5 Nf6 81. Kb6 Nd5+ 82. Kc6 Ndc7 83. Kd7 Kd5 84.
Ke7 Ke5 85. Kd7 Kf6 86. Kc6 Ke6 87. Kc5 Nd6 1/2-1/2

[Event "Aeroflot Open 2012 B"]
[Site "Moscow"]
[Date "2012.02.09"]
[Round "3"]
[White "Kopylov, Alexander A"]
[Black "Iljushin, Alexei"]
[Result "1/2-1/2"]
[WhiteElo "2440"]
[BlackElo "2523"]
[PlyCount "24"]
[EventDate "2012.02.07"]
[EventType "swiss"]
[EventRounds "9"]
[EventCountry "RUS"]

1. Nf3 d5 2. d4 Nf6 3. g3 c6 4. Bg2 Bf5 5. b3 e6 6. O-O h6 7. c4 Nbd7 8. Bb2
Be7 9. Nc3 Ne4 10. Nd2 Nxd2 11. Qxd2 Nf6 12. Rfe1 O-O 1/2-1/2

[Event "Aeroflot Open 2012 B"]
[Site "Moscow"]
[Date "2012.02.09"]
[Round "3"]
[White "Ovod, Evgenija"]
[Black "Grishchenko, Sergey"]
[Result "0-1"]
[WhiteElo "2412"]
[BlackElo "2489"]
[PlyCount "72"]
[EventDate "2012.02.07"]
[EventType "swiss"]
[EventRounds "9"]
[EventCountry "RUS"]

1. d4 d5 2. c4 c6 3. Nf3 Nf6 4. Nc3 e6 5. cxd5 exd5 6. Bg5 Be7 7. Qc2 O-O 8. e3
Nbd7 9. Bd3 Re8 10. h3 Nf8 11. Bf4 Ng6 12. Bh2 Bd6 13. O-O-O b5 14. g4 Bxh2 15.
Rxh2 Qe7 16. Kb1 a5 17. a4 b4 18. Ne2 Ne4 19. Qxc6 Bb7 20. Qc2 Rec8 21. Qb3 Rc7
22. Ne1 Rac8 23. f3 Nd6 24. Nc2 Nc4 25. Bf5 Re8 26. Nc1 Nh4 27. Rf2 Nxf5 28.
gxf5 Ba6 29. e4 dxe4 30. fxe4 Qxe4 31. Re1 Qxe1 32. Nxe1 Rxe1 33. Qc2 b3 34.
Qe2 Nd2+ 35. Qxd2 Rcxc1+ 36. Qxc1 Bd3+ 0-1

[Event "Aeroflot Open 2012 B"]
[Site "Moscow"]
[Date "2012.02.09"]
[Round "3"]
[White "Sivuk, Vitaly"]
[Black "Ivana Maria, Furtado"]
[Result "1-0"]
[WhiteElo "2459"]
[BlackElo "2065"]
[PlyCount "109"]
[EventDate "2012.02.07"]
[EventType "swiss"]
[EventRounds "9"]
[EventCountry "RUS"]

1. Nf3 Nf6 2. g3 e6 3. Bg2 d5 4. O-O Be7 5. d4 O-O 6. c4 c6 7. Qc2 Nbd7 8. Nbd2
b6 9. e4 Bb7 10. e5 Ne8 11. cxd5 cxd5 12. Re1 Nc7 13. Nf1 Rc8 14. a3 Re8 15. h4
f6 16. exf6 Bxf6 17. Bg5 Nb5 18. Qd3 Nd6 19. Bxf6 gxf6 20. N1h2 e5 21. dxe5
fxe5 22. Ng5 e4 23. Qd1 h6 24. Nh3 Ne5 25. Nf4 Ndf7 26. Qh5 Rc6 27. Rad1 Rd6
28. Rd4 Qf6 29. Qd1 Red8 30. Ng4 Nxg4 31. Qxg4+ Kh7 32. Red1 Ne5 33. Qe2 Nd3
34. R1xd3 exd3 35. Qxd3+ Kh8 36. Qe3 Bc6 37. Nh5 Qg6 38. Qe5+ Kh7 39. Rf4 Re6
40. Nf6+ Qxf6 41. Qxf6 Rxf6 42. Rxf6 Be8 43. Kf1 Kg7 44. Rf4 Bb5+ 45. Ke1 Re8+
46. Kd1 Re2 47. a4 Rxb2 48. Kc1 Rb3 49. axb5 Rxb5 50. Rd4 a5 51. Rxd5 Rb4 52.
Bf1 Re4 53. Bd3 Re1+ 54. Kd2 Ra1 55. Rb5 1-0

[Event "Aeroflot Open 2012 B"]
[Site "Moscow"]
[Date "2012.02.09"]
[Round "3"]
[White "Kislinsky, Alexey"]
[Black "Akshayraj, Kore"]
[Result "1-0"]
[WhiteElo "2535"]
[BlackElo "2386"]
[PlyCount "100"]
[EventDate "2012.02.07"]
[EventType "swiss"]
[EventRounds "9"]
[EventCountry "RUS"]

1. e4 e5 2. Nf3 Nc6 3. Bb5 Nf6 4. O-O Nxe4 5. Re1 Nd6 6. Nxe5 Be7 7. Bd3 Nxe5
8. Rxe5 O-O 9. Nc3 c6 10. b3 Ne8 11. Qe2 Bf6 12. Re3 d5 13. Ba3 Nd6 14. Rf1 g6
15. Qf3 Bg7 16. Qf4 Nf5 17. Bxf8 Bxf8 18. Bxf5 Bxf5 19. d4 Bd6 20. Qf3 Qh4 21.
h3 Qxd4 22. Ne2 Qb2 23. c3 Be4 24. Qf6 Bf8 25. Ng3 Qxa2 26. Nxe4 dxe4 27. c4
Re8 28. Rd1 Bc5 29. Rd7 Rf8 30. Re1 Qxb3 31. Qe5 Qxc4 32. Rxe4 Qb3 33. h4 Bb4
34. h5 Bc3 35. Qe7 Qc2 36. Re3 Bg7 37. g4 Qc4 38. Qh4 Qf4 39. Kg2 b5 40. Rf3
Qe4 41. Re7 Qd5 42. h6 Bd4 43. Qg3 Bc5 44. Re1 Bb4 45. Re5 Qd2 46. Ree3 Bc5 47.
Rc3 Qd5 48. Qf4 Bd4 49. Rxc6 Be5 50. Qe3 Qxc6 $11 1-0

[Event "Aeroflot Open 2012 B"]
[Site "Moscow"]
[Date "2012.02.09"]
[Round "3"]
[White "Artemiev, Vladislav"]
[Black "Wen, Yang"]
[Result "1/2-1/2"]
[WhiteElo "2439"]
[BlackElo "2543"]
[PlyCount "124"]
[EventDate "2012.02.07"]
[EventType "swiss"]
[EventRounds "9"]
[EventCountry "RUS"]

1. c4 Nf6 2. Nf3 g6 3. Nc3 Bg7 4. g3 O-O 5. Bg2 d6 6. O-O Nc6 7. d3 e5 8. Rb1
a5 9. a3 h6 10. b4 axb4 11. axb4 Be6 12. b5 Ne7 13. Bb2 Qd7 14. Re1 Nh7 15. Nd2
Rab8 16. Ra1 Nc8 17. Nb3 b6 18. Nd5 f5 19. e3 Nf6 20. Nb4 Ne7 21. Ra7 Nc8 22.
Ra1 Ne7 23. Qc2 g5 24. f4 Nh7 25. Ra7 Nc8 26. Ra2 Ne7 27. d4 e4 28. d5 Bf7 29.
Bxg7 Kxg7 30. Qc3+ Nf6 31. Nd4 g4 32. Ra7 Ra8 33. Rea1 Rxa7 34. Rxa7 Kg6 35. h4
Rc8 36. Kf2 h5 37. Qa1 Qe8 38. Nbc6 Nd7 39. Qa6 Nxc6 40. bxc6 Nc5 41. Qa1 Qd8
42. Bf1 Qe8 43. Nb5 Qd8 44. Qc3 Kh7 45. Ke1 Kg6 46. Kd2 Kh7 47. Be2 Kg6 48. Bd1
Kh7 49. Bc2 Kg6 50. Kc1 Kh7 51. Kb2 Kg6 52. Nd4 Rb8 53. Qa3 Rc8 54. Kb1 Qh8 55.
Qa1 Qd8 56. Kb2 Rb8 57. Nb5 Rc8 58. Kc3 Qg8 59. Qd1 Qd8 60. Kb4 Kh7 61. Qa1 Kg6
62. Nd4 Qg8 1/2-1/2